<?xml version="1.0" encoding="UTF-8"?>
<record
    xmlns:xsi="http://www.w3.org/2001/XMLSchema-instance"
    xsi:schemaLocation="http://www.loc.gov/MARC21/slim http://www.loc.gov/standards/marcxml/schema/MARC21slim.xsd"
    xmlns="http://www.loc.gov/MARC21/slim">

  <leader>01845nam a22002897a 4500</leader>
  <controlfield tag="001">8099</controlfield>
  <controlfield tag="003">FISKH</controlfield>
  <controlfield tag="005">20250822163715.0</controlfield>
  <controlfield tag="008">250822b        cb ||||| |||| 00| 0 eng d</controlfield>
  <datafield tag="020" ind1=" " ind2=" ">
    <subfield code="a">9789996336041</subfield>
  </datafield>
  <datafield tag="040" ind1=" " ind2=" ">
    <subfield code="a">FISKH</subfield>
    <subfield code="b">khr</subfield>
    <subfield code="c">FISKH</subfield>
    <subfield code="d">FISKH</subfield>
  </datafield>
  <datafield tag="050" ind1=" " ind2=" ">
    <subfield code="a">PZ7</subfield>
  </datafield>
  <datafield tag="100" ind1=" " ind2=" ">
    <subfield code="a">Try, Sun</subfield>
  </datafield>
  <datafield tag="245" ind1=" " ind2=" ">
    <subfield code="a">&#x17A1;&#x17B6;&#x1793;&#x1785;&#x17BC;&#x1780;&#x178A;&#x17B8; /</subfield>
    <subfield code="c">&#x17A2;&#x17D2;&#x1793;&#x1780;&#x1793;&#x17B7;&#x1796;&#x1793;&#x17D2;&#x1792; &#x179B;&#x17C4;&#x1780; &#x179F;&#x17CA;&#x17BB;&#x1793;&#x200B; &#x1791;&#x17D2;&#x179A;&#x17B8; , &#x179C;&#x17B7;&#x1785;&#x17B7;&#x178F;&#x17D2;&#x179A;&#x1780;&#x179A; &#x179B;&#x17C4;&#x1780; &#x1782;&#x17BC; &#x1782;&#x17BB;&#x178E;&#x1792;&#x17B6;</subfield>
  </datafield>
  <datafield tag="260" ind1=" " ind2=" ">
    <subfield code="a">&#x1797;&#x17D2;&#x1793;&#x17C6;&#x1796;&#x17C1;&#x1789; :</subfield>
    <subfield code="b">&#x179A;&#x17C4;&#x1784;&#x1796;&#x17BB;&#x1798;&#x17D2;&#x1796; &#x1792;&#x17B8; &#x17A2;&#x17C1;&#x179F; &#x1797;&#x17B8;&#x200B; &#x17A2;&#x17C1;&#x1785; ,</subfield>
    <subfield code="c">2015 ,.</subfield>
  </datafield>
  <datafield tag="300" ind1=" " ind2=" ">
    <subfield code="a">14 pages : </subfield>
    <subfield code="b">color illustrations ;</subfield>
    <subfield code="c">25 cm . </subfield>
  </datafield>
  <datafield tag="505" ind1=" " ind2=" ">
    <subfield code="a">K 
</subfield>
  </datafield>
  <datafield tag="520" ind1=" " ind2=" ">
    <subfield code="a">&#x179F;&#x17BB;&#x1797;&#x17B8;&#x179F;&#x17D2;&#x179A;&#x1798;&#x17C9;&#x17C3;&#x1785;&#x1784;&#x17CB;&#x1794;&#x17BE;&#x1780;&#x17A1;&#x17B6;&#x1793;&#x1785;&#x17BC;&#x1780;&#x178A;&#x17B8; &#x178A;&#x17BC;&#x1785;&#x1794;&#x17C9;&#x17B6;&#x179A;&#x1794;&#x179F;&#x17CB;&#x1793;&#x17B6;&#x1784;&#x178A;&#x17C2;&#x179A; &#x17D4; &#x1793;&#x17B6;&#x1784;&#x1781;&#x17C6;&#x1794;&#x17D2;&#x179A;&#x17BA;&#x1784;&#x1791;&#x17B6;&#x1789;&#x1785;&#x1784;&#x17D2;&#x1780;&#x17BA;&#x17C7;&#x179B;&#x17C1;&#x1781; &#x1787;&#x17B6;&#x1793;&#x17CB;&#x17A0;&#x17D2;&#x179C;&#x17D2;&#x179A;&#x17B6;&#x17C6;&#x1784; &#x1780;&#x17B6;&#x1785;&#x17CB;&#x1785;&#x1784;&#x17D2;&#x1780;&#x17BC;&#x178F;&#x17A1;&#x17B6;&#x1793; &#x1794;&#x17C9;&#x17BB;&#x1793;&#x17D2;&#x178F;&#x17C2;&#x1798;&#x17B7;&#x1793;&#x1794;&#x17B6;&#x1793;&#x179F;&#x1798;&#x17D2;&#x179A;&#x17C1;&#x1785;&#x178A;&#x17BC;&#x1785;&#x1794;&#x17C6;&#x178E;&#x1784; &#x17D4; &#x1793;&#x17B6;&#x1784;&#x17A2;&#x1784;&#x17D2;&#x1782;&#x17BB;&#x1799;&#x178F;&#x17BC;&#x1785;&#x1785;&#x17B7;&#x178F;&#x17D2;&#x178F;&#x178F;&#x17C2;&#x1798;&#x17D2;&#x1793;&#x17B6;&#x1780;&#x17CB;&#x17AF;&#x1784; &#x17D4; &#x1780;&#x17D2;&#x179A;&#x17C4;&#x1799;&#x1798;&#x1780;&#x1791;&#x17BE;&#x1794;&#x1793;&#x17B6;&#x1784;&#x179F;&#x1798;&#x17D2;&#x179A;&#x17C1;&#x1785;&#x1794;&#x17C6;&#x1793;&#x1784;&#x1793;&#x17B6;&#x1784;&#x1794;&#x17B6;&#x1793;&#x17D4; &#x1793;&#x17B6;&#x1784;&#x1794;&#x17B6;&#x1793;&#x1794;&#x17D2;&#x178F;&#x1787;&#x17D2;&#x1789;&#x17B6;&#x1790;&#x17B6; &#x1796;&#x17C1;&#x179B;&#x1792;&#x17C6;&#x17A1;&#x17BE;&#x1784; &#x1793;&#x17B6;&#x1784;&#x1793;&#x17BA;&#x1784;&#x1794;&#x17BE;&#x1780;&#x17A1;&#x17B6;&#x1793;&#x1785;&#x17BC;&#x1780;&#x178A;&#x17B8;&#x1792;&#x17C6;&#x17D7;&#x17A2;&#x17C4;&#x1799;&#x178A;&#x17BC;&#x1785;&#x1787;&#x17B6;&#x1794;&#x17C9;&#x17B6;&#x179A;&#x1794;&#x179F;&#x17CB;&#x1793;&#x17B6;&#x1784;&#x178A;&#x17C2;&#x179A; &#x17D4;&#x200B;</subfield>
  </datafield>
  <datafield tag="520" ind1=" " ind2=" ">
    <subfield code="a">Sophy dreams of driving a backhoe like her father. She tries to pull the gears, brakes and turn the wheel, but fails . And yet her determination is rewarded with a surprise gift . </subfield>
  </datafield>
  <datafield tag="521" ind1="8" ind2=" ">
    <subfield code="a">510 
</subfield>
    <subfield code="b">Lexile estimate 
</subfield>
  </datafield>
  <datafield tag="521" ind1="8" ind2=" ">
    <subfield code="a">K 
</subfield>
    <subfield code="b">Raz-Plus 
</subfield>
  </datafield>
  <datafield tag="650" ind1=" " ind2=" ">
    <subfield code="a">&#x17A1;&#x17B6;&#x1793;&#x1785;&#x17BC;&#x1780;&#x178A;&#x17B8; </subfield>
  </datafield>
  <datafield tag="650" ind1=" " ind2=" ">
    <subfield code="a">The bakhoe </subfield>
  </datafield>
  <datafield tag="700" ind1=" " ind2=" ">
    <subfield code="a">Kunthea, Kou</subfield>
    <subfield code="e">Illustrator </subfield>
  </datafield>
  <datafield tag="942" ind1=" " ind2=" ">
    <subfield code="2">ddc</subfield>
    <subfield code="c">KHB</subfield>
    <subfield code="n">0</subfield>
  </datafield>
  <datafield tag="999" ind1=" " ind2=" ">
    <subfield code="c">8099</subfield>
    <subfield code="d">8099</subfield>
  </datafield>
  <datafield tag="952" ind1=" " ind2=" ">
    <subfield code="0">0</subfield>
    <subfield code="1">0</subfield>
    <subfield code="2">ddc</subfield>
    <subfield code="4">0</subfield>
    <subfield code="7">0</subfield>
    <subfield code="8">KH</subfield>
    <subfield code="a">002</subfield>
    <subfield code="b">002</subfield>
    <subfield code="c">TTP Khmer</subfield>
    <subfield code="d">2025-08-22</subfield>
    <subfield code="l">0</subfield>
    <subfield code="o">TRY PZ7</subfield>
    <subfield code="p">2025-4227</subfield>
    <subfield code="r">2025-08-22 16:30:10</subfield>
    <subfield code="t">1</subfield>
    <subfield code="w">2025-08-22</subfield>
    <subfield code="y">KHB</subfield>
  </datafield>
  <datafield tag="952" ind1=" " ind2=" ">
    <subfield code="0">0</subfield>
    <subfield code="1">0</subfield>
    <subfield code="2">ddc</subfield>
    <subfield code="4">0</subfield>
    <subfield code="7">0</subfield>
    <subfield code="8">KH</subfield>
    <subfield code="a">002</subfield>
    <subfield code="b">002</subfield>
    <subfield code="c">TTP Khmer</subfield>
    <subfield code="d">2025-09-16</subfield>
    <subfield code="l">0</subfield>
    <subfield code="o">TRY PZ7</subfield>
    <subfield code="p">FISTKKB069</subfield>
    <subfield code="r">2025-09-16 11:05:39</subfield>
    <subfield code="t">2</subfield>
    <subfield code="w">2025-09-16</subfield>
    <subfield code="y">KHB</subfield>
  </datafield>
  <datafield tag="952" ind1=" " ind2=" ">
    <subfield code="0">0</subfield>
    <subfield code="1">0</subfield>
    <subfield code="2">ddc</subfield>
    <subfield code="4">0</subfield>
    <subfield code="7">0</subfield>
    <subfield code="8">KH</subfield>
    <subfield code="a">002</subfield>
    <subfield code="b">002</subfield>
    <subfield code="c">TTP Khmer</subfield>
    <subfield code="d">2025-10-09</subfield>
    <subfield code="l">0</subfield>
    <subfield code="o">TRY PZ7</subfield>
    <subfield code="p">FISBK04114</subfield>
    <subfield code="r">2025-10-09 14:47:26</subfield>
    <subfield code="t">3</subfield>
    <subfield code="w">2025-10-09</subfield>
    <subfield code="y">KHB</subfield>
  </datafield>
  <datafield tag="952" ind1=" " ind2=" ">
    <subfield code="0">0</subfield>
    <subfield code="1">0</subfield>
    <subfield code="2">ddc</subfield>
    <subfield code="4">0</subfield>
    <subfield code="7">0</subfield>
    <subfield code="8">KH</subfield>
    <subfield code="a">002</subfield>
    <subfield code="b">002</subfield>
    <subfield code="c">TTP Khmer</subfield>
    <subfield code="d">2025-10-24</subfield>
    <subfield code="l">0</subfield>
    <subfield code="o">TRY PZ7</subfield>
    <subfield code="p">2025-4740</subfield>
    <subfield code="r">2025-10-24 14:26:11</subfield>
    <subfield code="t">4</subfield>
    <subfield code="w">2025-10-24</subfield>
    <subfield code="y">KHB</subfield>
  </datafield>
  <datafield tag="952" ind1=" " ind2=" ">
    <subfield code="0">0</subfield>
    <subfield code="1">0</subfield>
    <subfield code="2">ddc</subfield>
    <subfield code="4">0</subfield>
    <subfield code="7">0</subfield>
    <subfield code="8">KH</subfield>
    <subfield code="a">002</subfield>
    <subfield code="b">002</subfield>
    <subfield code="c">TTP Khmer</subfield>
    <subfield code="d">2025-11-11</subfield>
    <subfield code="l">0</subfield>
    <subfield code="o">TRY PZ7</subfield>
    <subfield code="p">FISBK04022</subfield>
    <subfield code="r">2025-11-11 13:46:52</subfield>
    <subfield code="t">5</subfield>
    <subfield code="w">2025-11-11</subfield>
    <subfield code="y">KHB</subfield>
  </datafield>
</record>
